[Event "Vsetin op 40th"]
[Site "Vsetin"]
[Date "2015.07.05"]
[Round "2"]
[White "Ambrozova, Lucie"]
[Black "Sosna, Jan"]
[Result "1-0"]
[WhiteElo "1642"]
[BlackElo "2358"]
[PlyCount "65"]
[EventDate "2015.07.04"]
[EventType "swiss"]
[EventRounds "9"]
[EventCountry "CZE"]
[SourceTitle "CBM 167 Extra"]
[Source "ChessBase"]
[SourceDate "2015.09.14"]
[SourceVersion "1"]
[SourceVersionDate "2015.09.14"]
[SourceQuality "1"]

1. e4 e5 2. Nc3 Nf6 3. f4 d5 4. fxe5 Nxe4 5. Nf3 Be7 6. Qe2 f5 7. d3 Nxc3 8. bxc3 c5 9. g3 Nc6 10. Bg2 0-0 11. 0-0 Be6 12. Rb1 Rb8 13. Bd2 b5 14. d4 c4 15. Kh1 h6 16. Ng1 a5 17. Nh3 g5 18. Nf2 Kg7 19. Qe3 b4 20. Rg1 Qe8 21. Bf3 Qg6 22. Qe2 Rb6 23. Nd1 Rfb8 24. Ne3 Qf7 25. Qg2 Rb5 26. g4 fxg4 27. Bxg4 bxc3 28. Rxb5 Rxb5 29. Bxc3 Bb4 30. Bxb4 axb4 31. Rf1 Qd7 32. Bxe6 Qxe6 33. Rf6 1-0

[Event "CZE-chT U20 Extraliga final-B 1415"]
[Site "Czech Republic"]
[Date "2015.04.25"]
[Round "10.6"]
[White "Ambrozova, Lucie"]
[Black "Soukup, Jiri1111"]
[Result "1-0"]
[WhiteElo "1725"]
[BlackElo "1482"]
[PlyCount "37"]
[EventDate "2014.10.11"]
[EventType "team-tourn"]
[EventRounds "11"]
[EventCountry "CZE"]
[SourceTitle "EXT 2021"]
[Source "ChessBase"]
[SourceDate "2020.10.23"]
[SourceVersion "1"]
[SourceVersionDate "2020.10.23"]
[SourceQuality "1"]
[WhiteTeam "Stare Mesto (U20)"]
[BlackTeam "Bustehrad (U20)"]
[WhiteTeamCountry "CZE"]
[BlackTeamCountry "CZE"]

1. e4 e6 2. d4 d5 3. Nd2 Nf6 4. e5 Nfd7 5. Bd3 c5 6. c3 Nc6 7. Ne2 f6 8. Nf4 fxe5 9. Nxe6 Qa5 10. Qh5+ Ke7 11. Ng5 g6 12. Bxg6 Nf6 13. Qh4 h6 14. Nh7 Bg7 15. Nb3 Qd8 16. Bxh6 Qg8 17. Bg5 Qe6 18. Nxc5 Qd6 19. 0-0-0 1-0